书目信息 |
| 题名: |
日本人 日本论 欧洲文艺复兴史
|
|
| 作者: | 蒋百里 , 戴季陶 著 | |
| 分册: | ||
| 出版信息: | 南昌 江西教育出版社 2018 |
|
| 页数: | 222页 | |
| 开本: | 23cm | |
| 丛书名: | 大家学术文库 | |
| 单 册: | ||
| 中图分类: | C955.313 , K503 | |
| 科图分类: | ||
| 主题词: | 民族性--min zu xing--研究--日本 , 文艺复兴--wen yi fu xing--研究--欧洲 | |
| 电子资源: | ||
| ISBN: | 978-7-5705-0185-4 | |
| 000 | 01321nam 2200301 450 | |
| 001 | 438831 | |
| 005 | 20140102142104.0 | |
| 010 | @a978-7-5705-0185-4@dCNY34.00 | |
| 099 | @aCAL 012018109450 | |
| 100 | @a20180726d2018 em y0chiy50 ea | |
| 101 | 0 | @achi |
| 102 | @aCN@b110000 | |
| 105 | @ay z 000yy | |
| 106 | @ar | |
| 200 | 1 | @a日本人 日本论 欧洲文艺复兴史@Ari ben ren ri ben lun ou zhou wen yi fu xing shi@f蒋百里, 戴季陶著 |
| 210 | @a南昌@c江西教育出版社@d2018 | |
| 215 | @a222页@d23cm | |
| 225 | 2 | @a大家学术文库@Ada jia xue shu wen ku |
| 330 | @a《日本人》一书从日本的自然条件、历史渊源说起, 通过分析近代日本的国际局势、经济困境、政党矛盾、阶级隔阂等, 综观了日本社会的变迁, 指出了日本民族精神上的空虚与矛盾。《日本论》一书对日本社会文化的方方面面, 原始信仰、皇权崇拜、社会阶级的演变、武士和町人的性格、政党的形成、民族主义向军国主义的演变、社会风气、 生活习惯、家庭成员的关系等, 一一作了分析。蒋百里撰写的《欧洲文艺复兴史》是我国人士所撰有关文艺复兴的第一本著作。 | |
| 410 | 0 | @12001 @a大家学术文库 |
| 606 | 0 | @a民族性@Amin zu xing@x研究@y日本 |
| 606 | 0 | @a文艺复兴@Awen yi fu xing@x研究@y欧洲 |
| 690 | @aC955.313@v5 | |
| 690 | @aK503@v5 | |
| 701 | 0 | @a蒋百里@Ajiang bai li@4著 |
| 701 | 0 | @a戴季陶@Adai ji tao@4著 |
| 801 | 0 | @aCN@b上海新华@c20191020 |
| 905 | @b1186610-3@dC955.313@e130@f4 | |
| 日本人 日本论 欧洲文艺复兴史/蒋百里, 戴季陶著.-南昌:江西教育出版社,2018 |
| 222页;23cm.-(大家学术文库) |
| ISBN 978-7-5705-0185-4:CNY34.00 |
| 《日本人》一书从日本的自然条件、历史渊源说起, 通过分析近代日本的国际局势、经济困境、政党矛盾、阶级隔阂等, 综观了日本社会的变迁, 指出了日本民族精神上的空虚与矛盾。《日本论》一书对日本社会文化的方方面面, 原始信仰、皇权崇拜、社会阶级的演变、武士和町人的性格、政党的形成、民族主义向军国主义的演变、社会风气、 生活习惯、家庭成员的关系等, 一一作了分析。蒋百里撰写的《欧洲文艺复兴史》是我国人士所撰有关文艺复兴的第一本著作。 |
| ● |
| 相关链接 |
|
|
|
|
正题名:日本人 日本论 欧洲文艺复兴史
索取号:C955.313/130
 
预约/预借
| 序号 | 登录号 | 条形码 | 馆藏地/架位号 | 状态 | 备注 |
| 1 | 1186610 | 211866104 | 第一样本阅览室/ [索取号:C955.313/130] | 在馆 | |
| 2 | 1186611 | 211866113 | 第一借阅区/ [索取号:C955.313/130] | 在馆 | |
| 3 | 1186612 | 211866122 | 第一借阅区/ [索取号:C955.313/130] | 在馆 | |
| 4 | 1186613 | 211866131 | 第一借阅区/ [索取号:C955.313/130] | 在馆 |